Plant tissue culture / (Record no. 68808)
[ view plain ]
| 000 -LEADER | |
|---|---|
| fixed length control field | 00916nam a2200277 a 4500 |
| 001 - CONTROL NUMBER | |
| control field | 68808 |
| 003 - CONTROL NUMBER IDENTIFIER | |
| rucl marc code | BD-RjUL |
| 005 - DATE AND TIME OF LATEST TRANSACTION | |
| control field | 20211209081819.0 |
| 008 - FIXED-LENGTH DATA ELEMENTS--GENERAL INFORMATION | |
| fixed length control field | 170405r19791976enka b 000 0 eng d |
| 020 ## - INTERNATIONAL STANDARD BOOK NUMBER | |
| International Standard Book Number | 0713125586 |
| Terms of availability | £3.00. |
| International Standard Book Number | 0713125594 |
| 035 ## - SYSTEM CONTROL NUMBER | |
| System control number | (BD-RjUL)69019 |
| 040 ## - CATALOGING SOURCE | |
| Original cataloging agency | BD-RjUL |
| Transcribing agency | DLC |
| Modifying agency | BD-RjUL |
| Language of cataloging | eng |
| 041 ## - LANGUAGE CODE | |
| Language code of text/sound track or separate title | eng |
| 082 00 - DEWEY DECIMAL CLASSIFICATION NUMBER | |
| Classification number | 571.53 |
| Edition number | 23 |
| Author mark and year | BUP |
| 100 10 - MAIN ENTRY--PERSONAL NAME | |
| Personal name | Butcher, Dennis Neal. |
| 9 (RLIN) | 203915 |
| 245 10 - TITLE STATEMENT | |
| Title | Plant tissue culture / |
| Statement of responsibility, etc. | Dennis N. Butcher and David S. Ingram. |
| 260 ## - PUBLICATION, DISTRIBUTION, ETC. (IMPRINT) | |
| Place of publication, distribution, etc. | London : |
| Name of publisher, distributor, etc. | Edward Arnold, |
| Date of publication, distribution, etc. | c1976 [reprinted 1979]. |
| 300 ## - PHYSICAL DESCRIPTION | |
| Pagination | 68 p. : |
| Illustrations | ill. ; |
| Size | 22 cm. |
| 490 1# - SERIES STATEMENT | |
| Series statement | Institute of Biology's studies in biology ; no. 65 |
| 504 ## - BIBLIOGRAPHY, ETC. NOTE | |
| Bibliography, etc | Bibliography: p. [68] |
| 650 #0 - SUBJECT ADDED ENTRY--TOPICAL TERM | |
| Topical term or geographic name as entry element | Plant tissue culture. |
| 9 (RLIN) | 203916 |
| 700 1# - ADDED ENTRY--PERSONAL NAME | |
| Personal name | Ingram, David S. |
| Relator term | joint author. |
| 830 #0 - SERIES ADDED ENTRY--UNIFORM TITLE | |
| Uniform title | Institute of Biology's studies in biology ; |
| Volume number/sequential designation | no. 65. |
| 942 ## - ADDED ENTRY ELEMENTS (KOHA) | |
| Source of classification or shelving scheme | Dewey Decimal Classification |
| Koha item type | Books |
| Lost status | Source of classification or shelving scheme | Damaged status | Not for loan | Collection code | Permanent Location | Current Location | Shelving location | Date acquired | Source of acquisition | Cost, normal purchase price | Total Checkouts | Full call number | Date last seen | Copy number | Koha item type | Date checked out |
|---|---|---|---|---|---|---|---|---|---|---|---|---|---|---|---|---|
| Dewey Decimal Classification | Not For Loan | Non-fiction | Central Library, University of Rajshahi | Central Library, University of Rajshahi | Reading Room | 02/07/1982 | Heffers | 2.10 | 571.53 BUP 1979 | 05/04/2017 | C-1 | Books | ||||
| Dewey Decimal Classification | Non-fiction | Central Library, University of Rajshahi | Central Library, University of Rajshahi | 12/05/1983 | Heffers | 2.40 | 1 | 571.53 BUP 1979 | 01/12/2025 | C-2 | Books | 10/11/2025 |